00610nam a2200205Ia 4500003000400000005001700004008004100021020001800062040000700080041000800087082001600095100002200111245003200133260004500165300000900210650002200219942001300241999001900254952013100273OSt20251010103951.0250729s2005 xx 000 0 und d a9788171692897 cAL aeng a372.25 SINT aSingh Raj9222913 aTeaching methods in schools aNew DelhibCommonwealth Publishersc2005 a531p aEducation9222914 2ddccBED c235666d235666 00104070aALbALd2025-07-29eSita Book Houseg265.00l0o372.25 SINTpBED00985r2025-07-29 16:54:11v265.00w2025-07-29yBK